<?xml version="1.0" encoding="UTF-8"?>
<record
    xmlns:xsi="http://www.w3.org/2001/XMLSchema-instance"
    xsi:schemaLocation="http://www.loc.gov/MARC21/slim http://www.loc.gov/standards/marcxml/schema/MARC21slim.xsd"
    xmlns="http://www.loc.gov/MARC21/slim">

  <leader>00424nam a22001457a 4500</leader>
  <datafield tag="082" ind1=" " ind2=" ">
    <subfield code="a">658.155</subfield>
    <subfield code="b">CAR</subfield>
    <subfield code="c">L-27, P-91</subfield>
  </datafield>
  <datafield tag="100" ind1=" " ind2=" ">
    <subfield code="a">Carroll, Phil</subfield>
    <subfield code="9">36449</subfield>
  </datafield>
  <datafield tag="245" ind1=" " ind2=" ">
    <subfield code="a">How foremen can control costs/</subfield>
    <subfield code="c">Carroll, Phil</subfield>
  </datafield>
  <datafield tag="250" ind1=" " ind2=" ">
    <subfield code="a">1st volume</subfield>
  </datafield>
  <datafield tag="260" ind1=" " ind2=" ">
    <subfield code="a">New York,</subfield>
    <subfield code="b">Mcgraw hill book company, inc</subfield>
    <subfield code="c">1955.</subfield>
  </datafield>
  <datafield tag="300" ind1=" " ind2=" ">
    <subfield code="a">301p.:</subfield>
    <subfield code="b">ill,;</subfield>
    <subfield code="c">10 cm.</subfield>
  </datafield>
  <datafield tag="526" ind1=" " ind2=" ">
    <subfield code="a">0</subfield>
    <subfield code="b">0</subfield>
    <subfield code="c">0</subfield>
    <subfield code="d">658_155000000000000_CAR</subfield>
  </datafield>
  <datafield tag="650" ind1=" " ind2=" ">
    <subfield code="a">MCE</subfield>
    <subfield code="9">379</subfield>
  </datafield>
  <datafield tag="942" ind1=" " ind2=" ">
    <subfield code="2">ddc</subfield>
    <subfield code="c">BK</subfield>
  </datafield>
  <datafield tag="999" ind1=" " ind2=" ">
    <subfield code="c">548301</subfield>
    <subfield code="d">548301</subfield>
  </datafield>
  <datafield tag="952" ind1=" " ind2=" ">
    <subfield code="0">0</subfield>
    <subfield code="1">0</subfield>
    <subfield code="2">ddc</subfield>
    <subfield code="4">0</subfield>
    <subfield code="7">0</subfield>
    <subfield code="a">MCE</subfield>
    <subfield code="b">MCE</subfield>
    <subfield code="d">2014-08-26</subfield>
    <subfield code="l">0</subfield>
    <subfield code="o">658.155 CAR</subfield>
    <subfield code="p">MCE-3645</subfield>
    <subfield code="r">2014-08-26</subfield>
    <subfield code="w">2014-08-26</subfield>
    <subfield code="y">BK</subfield>
  </datafield>
</record>
